000 00655nam a22002177a 4500
003 DO-SdBNP
005 20171205131858.0
008 171108b 1979||| |||| 00| 0 spa d
020 _a8420616532
040 _aBPMSU
_bspa
_cBPMSU
082 _axxxxxxx
_bxxxxxxx
100 1 _aAsimov, Isaac
245 1 3 _aEl electrón es zurdo y otros ensayos científicos /
_cIsaac Asimov ; traducción Francisco Morán Samaniego
250 _a2a ed.
260 _aMadrid :
_bAlianza ;
_c1979.
300 _3250 p. ;
_c18 cm.
700 1 _aMorán Samaniego,
_etr.
942 _2ddc
_cBK
945 _ainventariado extranjero / DG
956 _aBTAVAREZ
_b10
_c20171108
_d0038
999 _c12783
_d12783